Словарь английских пословиц и фразеологических выражений: Около 2 тыс. пословиц и 5 тыс. фразеологических выражений

Մատենագիտական մանրամասներ
Այլ հեղինակներ: Хазан А. А. (редактор)
Լեզու:ռուսերեն
անգլերեն
Հրապարակվել է: Смоленск, Русич, 2001
Շարք:Для школьников и студентов
От А до Я
Խորագրեր:
Ձևաչափ: Գիրք
KOHA link:https://koha.lib.tpu.ru/cgi-bin/koha/opac-detail.pl?biblionumber=45396

MARC

LEADER 00000nam0a2200000 4500
001 45396
005 20231101210941.0
010 |a 5813802312 
035 |a (RuTPU)RU\TPU\book\47186 
090 |a 45396 
100 |a 20021209d2001 km y0rusy50 ca 
101 0 |a rus  |a eng 
102 |a RU 
105 |a y e 001zy 
200 1 |a Словарь английских пословиц и фразеологических выражений  |e Около 2 тыс. пословиц и 5 тыс. фразеологических выражений  |f Под ред. А. А. Хазан 
210 |a Смоленск  |c Русич  |d 2001 
215 |a 560 с. 
225 1 |a Для школьников и студентов 
225 1 |a От А до Я 
320 |a Библиогр.: с. 554-555 
606 1 |a Английский язык  |x Лексикология  |2 stltpush  |3 (RuTPU)RU\TPU\subj\29056  |9 52468 
610 1 |a английский язык 
610 1 |a лексика 
610 1 |a фразеология 
610 1 |a фразеологические выражения 
610 1 |a пословицы 
610 1 |a словари 
686 |a Ш143.21-33  |v LBC/SL-A  |2 rubbk 
702 1 |a Хазан  |b А. А.  |4 340 
801 1 |a RU  |b 63413507  |c 20021209  |g PSBO 
801 2 |a RU  |b 63413507  |c 20140110  |g PSBO 
942 |c BK